| 000 | 00545nam a2200193Ia 4500 | ||
|---|---|---|---|
| 003 | IN-BaIIA | ||
| 008 | 211028s9999 xx 000 0 eng d | ||
| 020 | _a0-86720-029-4 | ||
| 040 | _cIIA Library | ||
| 080 |
_a523.64 _bCHA |
||
| 100 |
_aChapman, Robert D _910675 |
||
| 245 | 4 |
_aThe comet book _cRobert D Chapman and John C Brandt |
|
| 260 |
_aBoston _bJones and Bartlett Publishers _c1984 |
||
| 300 | _avi, 168p. | ||
| 650 | _aAstronomy and astrophysics thesaurus | ||
| 650 |
_aComets _9755 |
||
| 700 |
_aBrandt, John C. _94599 |
||
| 942 | _cBK | ||
| 999 |
_c8559 _d8559 |
||